| 000 | 01376cam a2200337 a 4500 | ||
|---|---|---|---|
| 001 | 14656284 | ||
| 005 | 20250515112116.0 | ||
| 008 | 061205s2007 nyua b 001 0 eng | ||
| 010 | _a 2006939782 | ||
| 020 | _a9780387448978 (pt. A : acidfree paper) | ||
| 020 | _a9780387683461 (pt. A : soft cover : acidfree paper) | ||
| 020 | _z9780387448993 (pt. A : ebook) | ||
| 020 | _a9780387683508 (pt. B : acidfree paper) | ||
| 020 | _a9780387683546 (pt. B : soft cover : acidfree paper) | ||
| 020 | _a9780387448992 (pt. B : ebook) | ||
| 040 |
_aDLC _cDLC |
||
| 050 | 0 | 0 |
_aQD251.3 _b.C367 2007 |
| 082 |
_a547 _bCAR 2007 |
||
| 100 | 1 |
_aCarey, Francis A., _d1937- _9128952 |
|
| 245 | 1 | 0 |
_aAdvanced organic chemistry _cFrank A. Carey and Richard J. Sundberg. |
| 250 | _a5th ed. | ||
| 260 |
_aNew York : _bSpringer, _cc2007. |
||
| 300 |
_a2 v. : _bill. ; _c26 cm. |
||
| 504 | _aIncludes bibliographical references and index. | ||
| 505 | 0 | _apt. A. Structure and mechanisms -- pt. B. Reactions and synthesis. | |
| 650 | 0 |
_aAdvanced Organic Chemistry. _2Part A: Structure and Mechanisms _9128953 |
|
| 700 | 1 |
_aSundberg, Richard J., _d1938- _9128954 |
|
| 906 |
_a7 _bcbc _corigcop _d2 _eepcn _f20 _gy-gencatlg |
||
| 942 |
_2ddc _cBK _e5th _k547 CAR 2007 _m547 CAR 2007 |
||
| 999 |
_c613714 _d613714 |
||